| 000 | 00618nam a2200229 a 4500 | ||
|---|---|---|---|
| 001 | 20238 | ||
| 003 | CO-ViMGA | ||
| 008 | 141112s2004 ck r 000 u spa d | ||
| 020 | _a8489970009 | ||
| 040 |
_aCO-ViMGA _bspa _cCO-ViMGA |
||
| 082 | 0 | 4 | _aLEWj |
| 100 | 1 |
_aLewin, Hugh _93232 |
|
| 245 | 1 | 0 | _aJafta |
| 260 |
_aBarcelona : _bIntermon, _c1998 |
||
| 300 | _a48 p. | ||
| 590 | _aForma de adquisición : Premio Mincultura | ||
| 650 | 1 | 4 |
_aCUENTOS AFRICANOS _93233 |
| 650 | 1 | 4 |
_aCUENTOS INFANTILES _92743 |
| 650 | 1 | 4 |
_aCUENTOS INFANTILES - MADRE _93234 |
| 650 | 1 | 4 |
_aNEGROS EN LA LITERATURA _93235 |
| 942 |
_2ddc _cBK |
||
| 999 |
_c9815 _d9815 |
||